النيل / (رقم التسجيلة. 32402)

تفاصيل مارك
000 -LEADER
fixed length control field 00413nam a22001577a 4500
005 - DATE AND TIME OF LATEST TRANSACTION
control field 20251108165829.0
008 - FIXED-LENGTH DATA ELEMENTS--GENERAL INFORMATION
fixed length control field 250721s1986 xx 000 0 ara d
082 14 - DEWEY DECIMAL CLASSIFICATION NUMBER
Classification number ط/551.46/نيل
245 10 - TITLE STATEMENT
Title النيل /
264 1# - PRODUCTION, PUBLICATION, DISTRIBUTION, MANUFACTURE, AND COPYRIGHT NOTICE
Place of production, publication, distribution, manufacture بيروت :
Name of producer, publisher, distributor, manufacturer مكتبة لبنان،
Date of production, publication, distribution, manufacture, or copyright notice 1986.
300 ## - PHYSICAL DESCRIPTION
Extent 31ص : مص
490 0# - SERIES STATEMENT
Series statement كتب الفراشة ؛ 16
650 17 - SUBJECT ADDED ENTRY--TOPICAL TERM
Topical term or geographic name as entry element نهر النيل
942 ## - ADDED ENTRY ELEMENTS (KOHA)
Source of classification or shelving scheme Dewey Decimal Classification
Koha item type كتب
المقتنيات
حالة السحب حالة الفقدان مصدر التصنيف حالة التلف غير قابل للإعارة المكتبة الرئيسية المكتبة الحالية موقع الرف تاريخ التزويد الرقم المتسلسل Total Checkouts رقم الإستدعاء تاريخ آخر ظهور تاريخ الفاتورة نوع المادة (كوها) الباركود
    Dewey Decimal Classification     مكتبة قتيبة للأطفال مكتبة قتيبة للأطفال الأطفال 12/02/2018 1667259   ط/551.46/نيل 28/07/2025 12/02/2018 كتب PLD00417346
    Dewey Decimal Classification     مكتبة الأميرة سلمى مكتبة الأميرة سلمى الأطفال 28/07/2025 568559   ط/551.46/نيل 28/07/2025 28/07/2025 كتب 568559
    Dewey Decimal Classification Unchecked   مكتبة الاميرة بديعة مكتبة الاميرة بديعة الأطفال 06/07/2004 967   ط/551.46/نيل 28/07/2025 06/07/2004 كتب  
    Dewey Decimal Classification     مكتبة البراعم الواعدة مكتبة البراعم الواعدة الأطفال 26/07/2015 1603237   ط/551.46/نيل 28/07/2025 26/07/2015 كتب PLD00338840
    Dewey Decimal Classification     مكتبة الراية الهاشمية للأطفال مكتبة الراية الهاشمية للأطفال الأطفال 06/01/2003 296867   ط/551.46/نيل 28/07/2025 06/01/2003 كتب PLD00351004
    Dewey Decimal Classification     مكتبة صويلح العامة مكتبة صويلح العامة الأطفال 21/07/2019 01708   ط/551.46/نيل 28/07/2025 21/07/2019 كتب PLD00458367
    Dewey Decimal Classification     مكتبة صويلح العامة مكتبة صويلح العامة الأطفال 21/07/2019 01765   ط/551.46/نيل 28/07/2025 21/07/2019 كتب PLD00458380
Implemented & Customized by: BBB with SCIT (Smart Chains for Information Technology)

Powered by Koha